00838cam a2200205Mi 450000500170000000800410001702000180005802000180007604000620009404100080015610000200016424501400018426000550032430000180037950400530039765000570045065000380050765000490054565100380059420211215072130.0140604s2006 xxu fr 001 0 eng d a9780743276979 a9780743276986 aCO-BoUCMbspacDeissy Garcia (modificó)dJose A. Gerena0 aeng1 aTwenge, Jean M.10aGeneration mebwhy today's young Americans are more confident, assertive, entitled- and more miserable-than ever beforecJean M. Twenge aNueva York (Estados Unidos)bAtria paperbackc2006 a292 páginas aIncluye referencias bibliográficas e índices 7aAdultos jóveneszEstados UnidosxAspectos sociales 7aDesarrollo socialzEstados Unidos 7aJóveneszEstados UnidosxAspectos sociales 1aEstados UnidosxAspectos sociales